[Event "Team Championship of Russia (blitz)"]
[Site "Sochi"]
[Date "2015.05.10"]
[Round "5.28"]
[White "Melnik, Viktor"]
[Black "Romanenkov, Aleksandr"]
[Result "1-0"]
[LiveChessVersion "1.4.4"]
[BlackElo "2206"]
[WhiteElo "2152"]

1. e4 {[%clk 0:03:03]} c5 {[%clk 0:03:03]} 2. Nf3 {[%clk 0:03:04]} e6
{[%clk 0:03:03]} 3. d4 {[%clk 0:03:05]} cxd4 {[%clk 0:03:03]} 4. Nxd4
{[%clk 0:03:06]} Nf6 {[%clk 0:03:04]} 5. Nc3 {[%clk 0:03:07]} Bb4
{[%clk 0:03:05]} 6. Ndb5 {[%clk 0:02:59]} O-O {[%clk 0:02:15]} 7. a3
{[%clk 0:02:54]} Be7 {[%clk 0:01:57]} 8. Nd6 {[%clk 0:02:38]} Nc6
{[%clk 0:01:54]} 9. Be2 {[%clk 0:02:18]} a6 {[%clk 0:01:45]} 10. O-O
{[%clk 0:02:16]} Qc7 {[%clk 0:01:43]} 11. Nxc8 {[%clk 0:02:11]} Raxc8
{[%clk 0:01:43]} 12. Bg5 {[%clk 0:02:06]} h6 {[%clk 0:01:19]} 13. Bh4
{[%clk 0:02:07]} d6 {[%clk 0:00:59]} 14. f4 {[%clk 0:01:54]} Nxe4
{[%clk 0:00:42]} 15. Nxe4 {[%clk 0:01:50]} Bxh4 {[%clk 0:00:42]} 16. Qxd6
{[%clk 0:01:48]} Qb6+ {[%clk 0:00:37]} 17. Qc5 {[%clk 0:01:31]} Qxb2
{[%clk 0:00:33]} 18. Rab1 {[%clk 0:01:24]} Qd4+ {[%clk 0:00:29]} 19. Qxd4
{[%clk 0:01:19]} Nxd4 {[%clk 0:00:29]} 20. Bd3 {[%clk 0:01:18]} b5
{[%clk 0:00:27]} 21. c3 {[%clk 0:00:56]} Nf5 {[%clk 0:00:13]} 22. g3
{[%clk 0:00:47]} Be7 {[%clk 0:00:13]} 23. Rfe1 {[%clk 0:00:43]} Rfd8
{[%clk 0:00:12]} 24. Rbd1 {[%clk 0:00:44]} Bxa3 {[%clk 0:00:09]} 25. Bc2
{[%clk 0:00:35]} 1-0

[Event "Team Championship of Russia (blitz)"]
[Site "Sochi"]
[Date "2015.05.10"]
[Round "5.31"]
[White "Alexeev, Alexey"]
[Black "Khoroshilov, Nikita"]
[Result "0-1"]
[LiveChessVersion "1.4.4"]
[BlackElo "2320"]
[WhiteElo "2228"]

1. d4 {[%clk 0:03:03]} g6 {[%clk 0:03:03]} 2. e4 {[%clk 0:03:01]} d6
{[%clk 0:03:01]} 3. Nc3 {[%clk 0:03:00]} Nf6 {[%clk 0:03:02]} 4. g3
{[%clk 0:02:56]} Bg7 {[%clk 0:03:02]} 5. Bg2 {[%clk 0:02:57]} O-O
{[%clk 0:03:02]} 6. Nge2 {[%clk 0:02:58]} Na6 {[%clk 0:03:01]} 7. O-O
{[%clk 0:02:55]} c5 {[%clk 0:03:02]} 8. d5 {[%clk 0:02:49]} Nc7 {[%clk 0:02:44]}
9. a4 {[%clk 0:02:49]} b6 {[%clk 0:02:38]} 10. h3 {[%clk 0:02:48]} Rb8
{[%clk 0:02:29]} 11. Be3 {[%clk 0:02:47]} e6 {[%clk 0:01:52]} 12. Qd2
{[%clk 0:02:35]} exd5 {[%clk 0:01:52]} 13. exd5 {[%clk 0:02:36]} a6
{[%clk 0:01:44]} 14. Bh6 {[%clk 0:02:31]} b5 {[%clk 0:01:25]} 15. Bxg7
{[%clk 0:02:30]} Kxg7 {[%clk 0:01:26]} 16. axb5 {[%clk 0:02:29]} axb5
{[%clk 0:01:27]} 17. Nf4 {[%clk 0:02:11]} b4 {[%clk 0:01:26]} 18. Ne4
{[%clk 0:02:06]} Nxe4 {[%clk 0:01:25]} 19. Bxe4 {[%clk 0:02:06]} Qf6
{[%clk 0:01:20]} 20. b3 {[%clk 0:01:55]} Nb5 {[%clk 0:01:15]} 21. h4
{[%clk 0:01:50]} Nc3 {[%clk 0:01:08]} 22. Bg2 {[%clk 0:01:39]} Bf5
{[%clk 0:01:08]} 23. Rfe1 {[%clk 0:01:34]} Ra8 {[%clk 0:01:08]} 24. Rxa8
{[%clk 0:01:16]} Rxa8 {[%clk 0:01:09]} 25. Bh3 {[%clk 0:01:14]} Bxh3
{[%clk 0:01:03]} 26. Nxh3 {[%clk 0:01:15]} Qf5 {[%clk 0:00:53]} 27. Nf4
{[%clk 0:00:58]} Ra2 {[%clk 0:00:53]} 28. Nd3 {[%clk 0:00:56]} Nxd5
{[%clk 0:00:44]} 29. Kg2 {[%clk 0:00:43]} Nf6 {[%clk 0:00:39]} 30. Re2
{[%clk 0:00:40]} Qd5+ {[%clk 0:00:34]} 31. f3 {[%clk 0:00:38]} Qd4
{[%clk 0:00:27]} 32. Nf4 {[%clk 0:00:35]} Qxd2 {[%clk 0:00:21]} 33. Rxd2
{[%clk 0:00:36]} Ra6 {[%clk 0:00:22]} 34. Kf2 {[%clk 0:00:36]} Nd7
{[%clk 0:00:19]} 35. Nd5 {[%clk 0:00:31]} Kf8 {[%clk 0:00:13]} 36. Ne3
{[%clk 0:00:31]} Nf6 {[%clk 0:00:11]} 37. g4 {[%clk 0:00:29]} h5 {[%clk 0:00:09]}
38. g5 {[%clk 0:00:27]} Nd7 {[%clk 0:00:08]} 39. f4 {[%clk 0:00:28]} Rc6
{[%clk 0:00:06]} 40. Kf3 {[%clk 0:00:29]} Nb6 {[%clk 0:00:07]} 41. Nd5
{[%clk 0:00:27]} Nxd5 {[%clk 0:00:07]} 42. Rxd5 {[%clk 0:00:28]} Ke7
{[%clk 0:00:08]} 43. f5 {[%clk 0:00:28]} gxf5 {[%clk 0:00:06]} 44. Rxf5
{[%clk 0:00:29]} Ra6 {[%clk 0:00:07]} 45. Rf6 {[%clk 0:00:29]} Ra2
{[%clk 0:00:09]} 46. Rh6 {[%clk 0:00:30]} Rxc2 {[%clk 0:00:10]} 47. Rxh5
{[%clk 0:00:31]} Rc3+ {[%clk 0:00:11]} 48. Ke4 {[%clk 0:00:32]} Rxb3
{[%clk 0:00:11]} 49. Rh7 {[%clk 0:00:33]} Rg3 {[%clk 0:00:10]} 50. Rh8
{[%clk 0:00:28]} b3 {[%clk 0:00:11]} 51. Rb8 {[%clk 0:00:28]} c4 {[%clk 0:00:08]}
52. Kd4 {[%clk 0:00:28]} Rg4+ {[%clk 0:00:09]} 53. Kd5 {[%clk 0:00:27]} Rxh4
{[%clk 0:00:10]} 54. Rb7+ {[%clk 0:00:28]} Kf8 {[%clk 0:00:12]} 55. Kxd6
{[%clk 0:00:26]} Kg7 {[%clk 0:00:10]} 56. Kd5 {[%clk 0:00:27]} Kg6
{[%clk 0:00:11]} 57. Kc5 {[%clk 0:00:26]} Rf4 {[%clk 0:00:06]} 58. Kb4
{[%clk 0:00:22]} Kxg5 {[%clk 0:00:07]} 59. Kc3 {[%clk 0:00:23]} f5
{[%clk 0:00:07]} 60. Rg7+ {[%clk 0:00:23]} Kf6 {[%clk 0:00:08]} 61. Ra7
{[%clk 0:00:22]} Re4 {[%clk 0:00:09]} 62. Ra8 {[%clk 0:00:22]} Ke5
{[%clk 0:00:09]} 63. Ra5+ {[%clk 0:00:23]} Kf4 {[%clk 0:00:10]} 64. Ra8
{[%clk 0:00:24]} Kf3 {[%clk 0:00:09]} 65. Rg8 {[%clk 0:00:22]} f4
{[%clk 0:00:10]} 66. Rg7 {[%clk 0:00:23]} Kf2 {[%clk 0:00:11]} 67. Rg8
{[%clk 0:00:23]} f3 {[%clk 0:00:12]} 68. Rg7 {[%clk 0:00:22]} Kf1
{[%clk 0:00:11]} 69. Rg6 {[%clk 0:00:23]} f2 {[%clk 0:00:12]} 70. Rg7
{[%clk 0:00:22]} Ke1 {[%clk 0:00:12]} 71. Kd4 0-1

[Event "Team Championship of Russia (blitz)"]
[Site "Sochi"]
[Date "2015.05.10"]
[Round "6.15"]
[White "Usmanov, Vasily"]
[Black "Krutko, Anatoly"]
[Result "1-0"]
[LiveChessVersion "1.4.4"]
[BlackElo "2462"]
[WhiteElo "2403"]

1. b3 {[%clk 0:03:02]} d6 {[%clk 0:03:03]} 2. Bb2 {[%clk 0:03:03]} Nd7
{[%clk 0:03:05]} 3. g3 {[%clk 0:03:02]} Ngf6 {[%clk 0:03:06]} 4. Bg2
{[%clk 0:03:03]} g6 {[%clk 0:03:07]} 5. e3 {[%clk 0:03:01]} Bg7 {[%clk 0:03:08]}
6. Ne2 {[%clk 0:03:02]} O-O {[%clk 0:03:09]} 7. c4 {[%clk 0:03:03]} e5
{[%clk 0:03:09]} 8. O-O {[%clk 0:03:03]} a5 {[%clk 0:03:07]} 9. Nbc3
{[%clk 0:03:02]} Re8 {[%clk 0:03:04]} 10. d3 {[%clk 0:03:03]} Nc5
{[%clk 0:03:02]} 11. Qd2 {[%clk 0:02:55]} c6 {[%clk 0:02:40]} 12. e4
{[%clk 0:02:47]} Qb6 {[%clk 0:02:37]} 13. Ba3 {[%clk 0:02:17]} h5
{[%clk 0:02:12]} 14. h3 {[%clk 0:02:17]} Be6 {[%clk 0:01:59]} 15. Kh2
{[%clk 0:02:17]} Rad8 {[%clk 0:01:33]} 16. Qe3 {[%clk 0:02:13]} h4
{[%clk 0:01:01]} 17. gxh4 {[%clk 0:01:25]} Nh5 {[%clk 0:01:02]} 18. Rae1
{[%clk 0:01:21]} Kh7 {[%clk 0:00:54]} 19. Bc1 {[%clk 0:01:22]} Rd7
{[%clk 0:00:39]} 20. Bd2 {[%clk 0:01:23]} Qd8 {[%clk 0:00:39]} 21. f4
{[%clk 0:01:13]} exf4 {[%clk 0:00:40]} 22. Nxf4 {[%clk 0:01:11]} Be5
{[%clk 0:00:18]} 23. Nce2 {[%clk 0:01:10]} Qxh4 {[%clk 0:00:16]} 24. d4
{[%clk 0:01:09]} Bxf4+ {[%clk 0:00:06]} 25. Nxf4 {[%clk 0:01:09]} Na6
{[%clk 0:00:07]} 26. Nxe6 {[%clk 0:01:04]} Rxe6 {[%clk 0:00:08]} 27. Rf3
{[%clk 0:00:48]} Nb4 {[%clk 0:00:09]} 28. Qh6+ {[%clk 0:00:47]} Kg8
{[%clk 0:00:10]} 29. Ref1 {[%clk 0:00:44]} Nc2 {[%clk 0:00:09]} 30. Bg5
{[%clk 0:00:45]} Qxe4 {[%clk 0:00:09]} 31. Rxf7 {[%clk 0:00:42]} Rxf7
{[%clk 0:00:10]} 32. Rxf7 {[%clk 0:00:42]} Kxf7 {[%clk 0:00:07]} 33. Bxe4
{[%clk 0:00:39]} Rxe4 {[%clk 0:00:09]} 34. Qh7+ {[%clk 0:00:39]} Kf8
{[%clk 0:00:03]} 35. Bh6+ {[%clk 0:00:40]} Ke8 {[%clk 0:00:04]} 36. Qxg6+
{[%clk 0:00:41]} Kd7 {[%clk 0:00:05]} 37. Qxe4 {[%clk 0:00:40]} 1-0

[Event "Team Championship of Russia (blitz)"]
[Site "Sochi"]
[Date "2015.05.10"]
[Round "6.20"]
[White "Mikhel, Vladislav"]
[Black "Melnik, Viktor"]
[Result "1-0"]
[LiveChessVersion "1.4.4"]
[BlackElo "2152"]
[WhiteElo "2377"]

1. e4 {[%clk 0:03:03]} c5 {[%clk 0:03:03]} 2. Nf3 {[%clk 0:03:04]} Nf6
{[%clk 0:03:04]} 3. Nc3 {[%clk 0:03:04]} Nc6 {[%clk 0:03:05]} 4. d4
{[%clk 0:03:04]} d5 {[%clk 0:03:06]} 5. exd5 {[%clk 0:02:43]} Nxd5
{[%clk 0:03:07]} 6. Bc4 {[%clk 0:02:41]} Nxc3 {[%clk 0:03:02]} 7. bxc3
{[%clk 0:02:42]} e6 {[%clk 0:02:56]} 8. O-O {[%clk 0:02:41]} Be7 {[%clk 0:02:51]}
9. Bf4 {[%clk 0:02:35]} O-O {[%clk 0:02:48]} 10. Qd2 {[%clk 0:02:30]} b6
{[%clk 0:02:37]} 11. Rfe1 {[%clk 0:02:29]} Bb7 {[%clk 0:02:28]} 12. Rad1
{[%clk 0:02:29]} cxd4 {[%clk 0:02:27]} 13. cxd4 {[%clk 0:02:27]} Nb4
{[%clk 0:02:27]} 14. Ne5 {[%clk 0:02:13]} Bd5 {[%clk 0:02:18]} 15. Bxd5
{[%clk 0:01:51]} Nxd5 {[%clk 0:02:17]} 16. Nc6 {[%clk 0:01:51]} Qd7
{[%clk 0:02:09]} 17. Nxe7+ {[%clk 0:01:51]} Qxe7 {[%clk 0:02:02]} 18. c4
{[%clk 0:01:51]} Nxf4 {[%clk 0:02:02]} 19. Qxf4 {[%clk 0:01:52]} Qb4
{[%clk 0:01:43]} 20. Re3 {[%clk 0:01:02]} Qxc4 {[%clk 0:01:34]} 21. Rg3
{[%clk 0:01:03]} Qc2 {[%clk 0:00:43]} 22. Qg4 {[%clk 0:00:57]} g6
{[%clk 0:00:32]} 23. h4 {[%clk 0:00:55]} f5 {[%clk 0:00:27]} 24. Qf3
{[%clk 0:00:56]} Qe4 {[%clk 0:00:12]} 25. Qb3 {[%clk 0:00:48]} Rae8
{[%clk 0:00:03]} 26. h5 {[%clk 0:00:47]} Kg7 {[%clk 0:00:05]} 27. Re3
{[%clk 0:00:45]} Qd5 {[%clk 0:00:05]} 28. Qa3 {[%clk 0:00:45]} Rf7
{[%clk 0:00:05]} 29. hxg6 {[%clk 0:00:45]} hxg6 {[%clk 0:00:06]} 30. Re5
{[%clk 0:00:43]} Qc4 {[%clk 0:00:06]} 31. d5 {[%clk 0:00:38]} Qf4
{[%clk 0:00:05]} 32. Qc3 {[%clk 0:00:29]} Rf6 {[%clk 0:00:03]} 33. Rxe6
{[%clk 0:00:22]} Rexe6 {[%clk 0:00:00]} 34. dxe6 {[%clk 0:00:22]} Qe4
{[%clk 0:00:00]} 35. Rd7+ 1-0

[Event "Team Championship of Russia (blitz)"]
[Site "Sochi"]
[Date "2015.05.10"]
[Round "6.33"]
[White "Smirnov, Alexey"]
[Black "Demidov, Mikhail"]
[Result "0-1"]
[LiveChessVersion "1.4.4"]
[BlackElo "2621"]
[WhiteElo "2379"]

1. d4 {[%clk 0:03:02]} e6 {[%clk 0:03:04]} 2. c4 {[%clk 0:03:01]} b6
{[%clk 0:03:05]} 3. Nc3 Bb7 4. Nf3 Be7 5. e4 {[%clk 0:03:00]} d6 {[%clk 0:03:10]}
6. Be2 {[%clk 0:03:00]} Nd7 {[%clk 0:03:11]} 7. O-O {[%clk 0:03:00]} a6
{[%clk 0:03:12]} 8. Re1 {[%clk 0:03:00]} g5 {[%clk 0:03:13]} 9. Bf1
{[%clk 0:02:55]} h5 {[%clk 0:03:14]} 10. Rb1 {[%clk 0:02:41]} g4 {[%clk 0:03:15]}
11. Nd2 {[%clk 0:02:42]} Nh6 {[%clk 0:03:16]} 12. b4 {[%clk 0:02:39]} h4
{[%clk 0:03:15]} 13. Nb3 {[%clk 0:02:32]} Bg5 {[%clk 0:03:16]} 14. f4
{[%clk 0:02:14]} gxf3 {[%clk 0:03:16]} 15. Qxf3 {[%clk 0:02:14]} Bxc1
{[%clk 0:03:16]} 16. Rbxc1 {[%clk 0:02:15]} Qg5 {[%clk 0:03:16]} 17. Rc2
{[%clk 0:02:03]} Rg8 {[%clk 0:03:17]} 18. c5 {[%clk 0:01:47]} bxc5
{[%clk 0:03:10]} 19. bxc5 {[%clk 0:01:44]} dxc5 {[%clk 0:03:11]} 20. Na5
{[%clk 0:01:36]} Bc8 {[%clk 0:02:42]} 21. e5 {[%clk 0:01:19]} Rb8
{[%clk 0:02:32]} 22. Ne4 {[%clk 0:01:20]} Qf5 {[%clk 0:02:21]} 23. Qxf5
{[%clk 0:01:12]} Nxf5 {[%clk 0:02:21]} 24. dxc5 {[%clk 0:01:01]} Kf8
{[%clk 0:01:28]} 25. Nf6 {[%clk 0:00:54]} Nxf6 {[%clk 0:01:26]} 26. exf6
{[%clk 0:00:55]} Rg6 {[%clk 0:01:01]} 27. Rd2 {[%clk 0:00:52]} Rxf6
{[%clk 0:00:58]} 28. Rd8+ {[%clk 0:00:51]} Kg7 {[%clk 0:00:59]} 29. Nc6
{[%clk 0:00:50]} Ra8 {[%clk 0:00:53]} 30. Ne5 {[%clk 0:00:45]} Bb7
{[%clk 0:00:40]} 31. Rxa8 {[%clk 0:00:43]} Bxa8 32. Bxa6 {[%clk 0:00:38]} Nd4
{[%clk 0:00:29]} 33. a4 {[%clk 0:00:38]} Rf5 {[%clk 0:00:27]} 34. Bb5
{[%clk 0:00:37]} Bd5 {[%clk 0:00:18]} 35. Bd3 {[%clk 0:00:35]} Rg5
{[%clk 0:00:19]} 36. Kf1 {[%clk 0:00:16]} Rxg2 {[%clk 0:00:16]} 37. Be4
{[%clk 0:00:16]} Rxh2 {[%clk 0:00:14]} 38. Bxd5 {[%clk 0:00:16]} exd5
{[%clk 0:00:15]} 39. a5 {[%clk 0:00:14]} Nb3 {[%clk 0:00:09]} 40. a6
{[%clk 0:00:13]} Ra2 {[%clk 0:00:09]} 41. c6 {[%clk 0:00:10]} Rxa6
{[%clk 0:00:10]} 42. Re3 {[%clk 0:00:10]} Nc5 {[%clk 0:00:10]} 43. Rc3
{[%clk 0:00:11]} Ra1+ {[%clk 0:00:10]} 44. Kg2 {[%clk 0:00:11]} Ne6
{[%clk 0:00:11]} 45. Kh3 {[%clk 0:00:10]} d4 {[%clk 0:00:12]} 46. Rb3
{[%clk 0:00:10]} Re1 {[%clk 0:00:12]} 47. Nf3 {[%clk 0:00:10]} Re3
{[%clk 0:00:12]} 48. Rxe3 {[%clk 0:00:10]} dxe3 {[%clk 0:00:13]} 49. Kxh4
{[%clk 0:00:10]} e2 {[%clk 0:00:11]} 50. Kg3 {[%clk 0:00:10]} Nd4
{[%clk 0:00:12]} 51. Ne1 {[%clk 0:00:11]} Nxc6 {[%clk 0:00:12]} 52. Kf3
{[%clk 0:00:11]} Nd4+ {[%clk 0:00:14]} 53. Ke4 {[%clk 0:00:12]} c5
{[%clk 0:00:15]} 54. Kd5 {[%clk 0:00:13]} Kf6 {[%clk 0:00:14]} 55. Kxc5 Ke5 56.
Kc4 {[%clk 0:00:14]} Ke4 {[%clk 0:00:16]} 57. Kc3 {[%clk 0:00:14]} Nf3
{[%clk 0:00:17]} 58. Kd4+ Ke5+ 0-1

[Event "Team Championship of Russia (blitz)"]
[Site "Sochi"]
[Date "2015.05.10"]
[Round "6.35"]
[White "Draganov, Ruslan"]
[Black "Pasiev, Rakhim"]
[Result "0-1"]
[LiveChessVersion "1.4.4"]
[BlackElo "2342"]
[WhiteElo "2130"]

1. e4 {[%clk 0:03:03]} c5 {[%clk 0:03:04]} 2. Nf3 {[%clk 0:03:03]} Nc6
{[%clk 0:03:05]} 3. Nc3 {[%clk 0:03:02]} g6 {[%clk 0:03:05]} 4. Bc4
{[%clk 0:03:01]} Bg7 {[%clk 0:03:03]} 5. d3 {[%clk 0:03:01]} d6 {[%clk 0:03:04]}
6. h3 {[%clk 0:03:02]} Nf6 {[%clk 0:03:04]} 7. a4 {[%clk 0:03:03]} O-O
{[%clk 0:03:04]} 8. O-O {[%clk 0:03:03]} h6 {[%clk 0:02:48]} 9. Ne2
{[%clk 0:03:04]} Kh7 {[%clk 0:02:48]} 10. g4 {[%clk 0:03:05]} Nxg4
{[%clk 0:02:38]} 11. hxg4 Bxg4 {[%clk 0:02:39]} 12. Nh2 {[%clk 0:02:56]} Bh3
{[%clk 0:02:39]} 13. Re1 {[%clk 0:02:42]} Ne5 {[%clk 0:02:40]} 14. Nf4
{[%clk 0:02:38]} Bd7 {[%clk 0:02:38]} 15. Be3 Nxc4 16. dxc4 {[%clk 0:02:25]} Bxb2
{[%clk 0:02:28]} 17. Rb1 {[%clk 0:01:42]} Bc3 {[%clk 0:02:27]} 18. Rxb7
{[%clk 0:01:43]} Bxe1 {[%clk 0:02:26]} 19. Qxe1 {[%clk 0:01:44]} Bxa4
{[%clk 0:02:24]} 20. Nd5 {[%clk 0:01:44]} Bc6 {[%clk 0:02:13]} 21. Rb3
{[%clk 0:01:38]} e6 {[%clk 0:02:12]} 22. Nf4 {[%clk 0:01:33]} Bxe4
{[%clk 0:01:57]} 23. f3 {[%clk 0:01:33]} Bc6 {[%clk 0:01:55]} 24. Qc3
{[%clk 0:01:25]} Qg5+ {[%clk 0:01:44]} 25. Ng2 {[%clk 0:01:25]} Qh5
{[%clk 0:01:44]} 26. Ng4 {[%clk 0:01:25]} f5 {[%clk 0:00:27]} 27. Nf6+
{[%clk 0:01:25]} Rxf6 {[%clk 0:00:29]} 28. Qxf6 {[%clk 0:01:25]} Rg8
{[%clk 0:00:25]} 29. Ra3 {[%clk 0:01:17]} Rg7 {[%clk 0:00:23]} 30. Bd2
{[%clk 0:01:00]} Bxf3 {[%clk 0:00:24]} 31. Bc3 {[%clk 0:00:54]} e5
{[%clk 0:00:25]} 32. Qh4 {[%clk 0:00:45]} Bxg2 {[%clk 0:00:24]} 33. Qxh5
{[%clk 0:00:39]} gxh5 {[%clk 0:00:25]} 34. Kh2 {[%clk 0:00:36]} Be4
{[%clk 0:00:26]} 35. Ra6 {[%clk 0:00:33]} Rd7 {[%clk 0:00:26]} 36. Be1
{[%clk 0:00:26]} Bxc2 {[%clk 0:00:26]} 37. Rc6 {[%clk 0:00:18]} Bb3
{[%clk 0:00:26]} 38. Rc8 {[%clk 0:00:11]} Bxc4 {[%clk 0:00:26]} 39. Rf8
{[%clk 0:00:08]} f4 {[%clk 0:00:27]} 40. Kh3 {[%clk 0:00:08]} Kg6
{[%clk 0:00:27]} 41. Kh4 {[%clk 0:00:08]} a6 {[%clk 0:00:26]} 42. Re8
{[%clk 0:00:06]} f3 {[%clk 0:00:25]} 43. Bf2 {[%clk 0:00:07]} a5 {[%clk 0:00:24]}
44. Ra8 {[%clk 0:00:07]} Kf5 {[%clk 0:00:24]} 45. Rxa5 {[%clk 0:00:08]} Ke4
{[%clk 0:00:24]} 46. Ra3 {[%clk 0:00:09]} Bd3 {[%clk 0:00:22]} 47. Ra4+
{[%clk 0:00:10]} c4 {[%clk 0:00:23]} 48. Bg3 {[%clk 0:00:10]} Rg7
{[%clk 0:00:22]} 49. Bf2 {[%clk 0:00:10]} Rg4+ {[%clk 0:00:23]} 50. Kh3
{[%clk 0:00:11]} Bf1+ 51. Kh2 Rg2+ 52. Kh1 Rxf2 {[%clk 0:00:25]} 53. Ra6
{[%clk 0:00:16]} Rd2 {[%clk 0:00:25]} 54. Kh2 0-1

[Event "Team Championship of Russia (blitz)"]
[Site "Sochi"]
[Date "2015.05.10"]
[Round "7.20"]
[White "Ananikian, Andrey"]
[Black "Vokarev, Sergey"]
[Result "0-1"]
[LiveChessVersion "1.4.4"]
[BlackElo "2456"]
[WhiteElo "2079"]

1. d4 {[%clk 0:03:02]} Nf6 {[%clk 0:03:03]} 2. Bf4 {[%clk 0:03:03]} e6
{[%clk 0:02:58]} 3. e3 {[%clk 0:03:03]} c5 {[%clk 0:02:56]} 4. c3
{[%clk 0:03:04]} Nc6 {[%clk 0:02:53]} 5. Nf3 {[%clk 0:03:05]} Be7
{[%clk 0:02:49]} 6. Bd3 {[%clk 0:03:03]} O-O {[%clk 0:02:46]} 7. h3
{[%clk 0:03:04]} b6 {[%clk 0:02:45]} 8. O-O {[%clk 0:03:03]} Bb7 {[%clk 0:02:46]}
9. Nbd2 {[%clk 0:03:03]} Rc8 {[%clk 0:02:45]} 10. Rc1 {[%clk 0:02:59]} Re8
{[%clk 0:02:39]} 11. Qe2 {[%clk 0:02:53]} d6 {[%clk 0:02:35]} 12. Ba6
{[%clk 0:02:36]} Qd7 {[%clk 0:02:31]} 13. Bxb7 {[%clk 0:02:25]} Qxb7
{[%clk 0:02:31]} 14. a4 {[%clk 0:02:17]} h6 {[%clk 0:02:31]} 15. Rfe1
{[%clk 0:02:07]} Bf8 {[%clk 0:02:30]} 16. Bh2 {[%clk 0:02:01]} cxd4
{[%clk 0:02:26]} 17. cxd4 {[%clk 0:01:55]} a6 {[%clk 0:02:15]} 18. Nc4
{[%clk 0:01:49]} Red8 {[%clk 0:02:08]} 19. Red1 {[%clk 0:01:45]} b5
{[%clk 0:01:53]} 20. axb5 {[%clk 0:01:16]} Qxb5 {[%clk 0:01:53]} 21. Kf1
{[%clk 0:00:58]} Rb8 {[%clk 0:01:54]} 22. Rd2 {[%clk 0:00:53]} Ne4
{[%clk 0:01:50]} 23. Rdc2 {[%clk 0:00:42]} Nb4 {[%clk 0:01:47]} 24. Na3
{[%clk 0:00:42]} Qxe2+ {[%clk 0:01:32]} 25. Rxe2 {[%clk 0:00:43]} Nd3
{[%clk 0:01:26]} 26. Rcc2 {[%clk 0:00:35]} Rb7 {[%clk 0:01:17]} 27. Ne1
{[%clk 0:00:33]} Nb4 {[%clk 0:01:11]} 28. Rc1 {[%clk 0:00:27]} d5
{[%clk 0:01:10]} 29. f3 {[%clk 0:00:23]} Nd6 {[%clk 0:01:09]} 30. Bxd6
{[%clk 0:00:18]} Bxd6 {[%clk 0:01:09]} 31. Kf2 {[%clk 0:00:15]} Kf8
{[%clk 0:01:10]} 32. g4 {[%clk 0:00:11]} Ke7 {[%clk 0:01:10]} 33. h4
{[%clk 0:00:12]} Rdb8 {[%clk 0:01:11]} 34. f4 {[%clk 0:00:08]} Kd7
{[%clk 0:01:10]} 35. Kf3 {[%clk 0:00:08]} Na2 {[%clk 0:01:10]} 36. Rcc2
{[%clk 0:00:08]} Nb4 {[%clk 0:01:06]} 37. Rc1 {[%clk 0:00:08]} g6
{[%clk 0:01:07]} 38. Nb1 {[%clk 0:00:08]} h5 {[%clk 0:01:05]} 39. g5
{[%clk 0:00:06]} Nc6 {[%clk 0:01:03]} 40. Rcc2 {[%clk 0:00:06]} Na5
{[%clk 0:01:02]} 41. Nc3 {[%clk 0:00:06]} Nc4 {[%clk 0:01:02]} 42. Nd3
{[%clk 0:00:06]} a5 {[%clk 0:00:58]} 43. Na4 {[%clk 0:00:07]} Ke7
{[%clk 0:00:54]} 44. Nac5 {[%clk 0:00:08]} Bxc5 {[%clk 0:00:53]} 45. dxc5
{[%clk 0:00:08]} Rb3 {[%clk 0:00:52]} 46. Ne5 {[%clk 0:00:06]} Nxe5+
{[%clk 0:00:50]} 47. fxe5 {[%clk 0:00:07]} Kd7 {[%clk 0:00:50]} 48. c6+
{[%clk 0:00:06]} Kc7 {[%clk 0:00:51]} 49. Kg2 {[%clk 0:00:05]} R8b6
{[%clk 0:00:50]} 50. Rf2 {[%clk 0:00:07]} Rxc6 {[%clk 0:00:47]} 51. Rxf7+
{[%clk 0:00:07]} Kb6 52. Rxc6+ Kxc6 {[%clk 0:00:49]} 53. Rf6 {[%clk 0:00:08]}
Rxb2+ {[%clk 0:00:47]} 54. Kf3 {[%clk 0:00:10]} a4 {[%clk 0:00:48]} 55. Rxe6+
{[%clk 0:00:11]} Kb5 {[%clk 0:00:49]} 56. Rxg6 {[%clk 0:00:12]} a3
{[%clk 0:00:50]} 57. Rg8 {[%clk 0:00:13]} Rb4 {[%clk 0:00:50]} 58. Rb8+
{[%clk 0:00:14]} Ka4 {[%clk 0:00:42]} 59. Ra8+ {[%clk 0:00:14]} Kb3
{[%clk 0:00:43]} 60. Rxa3+ {[%clk 0:00:12]} Kxa3 {[%clk 0:00:45]} 61. Kf4
{[%clk 0:00:10]} Kb3+ 0-1

[Event "Team Championship of Russia (blitz)"]
[Site "Sochi"]
[Date "2015.05.10"]
[Round "7.22"]
[White "Vavulin, Maksim"]
[Black "Vastrukhin, Oleg"]
[Result "1/2-1/2"]
[LiveChessVersion "1.4.4"]
[BlackElo "2351"]
[WhiteElo "2557"]

1. e4 {[%clk 0:03:03]} g6 {[%clk 0:02:45]} 2. d4 {[%clk 0:03:04]} c6
{[%clk 0:02:46]} 3. Nc3 {[%clk 0:02:59]} Bg7 {[%clk 0:02:45]} 4. Nf3
{[%clk 0:02:39]} d5 {[%clk 0:02:46]} 5. h3 {[%clk 0:02:40]} dxe4 {[%clk 0:02:47]}
6. Nxe4 {[%clk 0:02:41]} Nf6 {[%clk 0:02:48]} 7. Nxf6+ {[%clk 0:02:25]} exf6
{[%clk 0:02:47]} 8. Bc4 {[%clk 0:02:16]} O-O {[%clk 0:02:47]} 9. O-O
{[%clk 0:02:16]} Nd7 {[%clk 0:02:48]} 10. Bb3 {[%clk 0:02:12]} Nb6
{[%clk 0:02:44]} 11. Bf4 {[%clk 0:02:08]} a5 {[%clk 0:02:43]} 12. a3
{[%clk 0:02:04]} a4 {[%clk 0:02:43]} 13. Ba2 {[%clk 0:02:05]} Nd5
{[%clk 0:02:44]} 14. Bg3 {[%clk 0:02:00]} Be6 {[%clk 0:02:45]} 15. Qd2
{[%clk 0:01:58]} Re8 {[%clk 0:02:46]} 16. Rfe1 {[%clk 0:01:58]} h5
{[%clk 0:02:31]} 17. Rad1 {[%clk 0:01:36]} b5 {[%clk 0:02:28]} 18. c3
{[%clk 0:01:29]} Qd7 {[%clk 0:02:28]} 19. Bb1 {[%clk 0:01:18]} Nb6
{[%clk 0:02:27]} 20. Bc2 Nc4 {[%clk 0:02:25]} 21. Qc1 {[%clk 0:01:01]} Kh7
{[%clk 0:02:24]} 22. Bf4 {[%clk 0:00:57]} Bd5 {[%clk 0:02:20]} 23. Nd2
{[%clk 0:00:51]} Nxd2 {[%clk 0:02:19]} 24. Qxd2 {[%clk 0:00:51]} Rxe1+
{[%clk 0:02:10]} 25. Rxe1 {[%clk 0:00:52]} Re8 {[%clk 0:02:10]} 26. Qd1
{[%clk 0:00:32]} Kg8 {[%clk 0:02:02]} 27. f3 {[%clk 0:00:22]} Re6
{[%clk 0:02:01]} 28. Kf2 {[%clk 0:00:20]} Qe7 {[%clk 0:01:54]} 29. Rxe6
{[%clk 0:00:20]} Qxe6 {[%clk 0:01:55]} 30. h4 {[%clk 0:00:17]} f5
{[%clk 0:01:53]} 31. Qe2 {[%clk 0:00:17]} Bf6 {[%clk 0:01:54]} 32. g3
{[%clk 0:00:11]} Kf8 {[%clk 0:01:53]} 33. Qxe6 {[%clk 0:00:10]} fxe6
{[%clk 0:01:52]} 34. Ke3 {[%clk 0:00:10]} Kf7 {[%clk 0:01:51]} 35. Bd6
{[%clk 0:00:07]} g5 {[%clk 0:01:51]} 36. hxg5 {[%clk 0:00:07]} Bxg5+
{[%clk 0:01:52]} 37. f4 {[%clk 0:00:06]} Bf6 {[%clk 0:01:51]} 38. Bc7
{[%clk 0:00:06]} h4 {[%clk 0:01:52]} 39. gxh4 {[%clk 0:00:06]} Bxh4
{[%clk 0:01:53]} 40. Be5 {[%clk 0:00:06]} Kg6 {[%clk 0:01:51]} 41. Bd1
{[%clk 0:00:06]} Bg3 {[%clk 0:01:51]} 42. Bd6 {[%clk 0:00:06]} Be4
{[%clk 0:01:49]} 43. Be2 {[%clk 0:00:05]} Kf7 {[%clk 0:01:48]} 44. Be5
{[%clk 0:00:06]} Ke7 {[%clk 0:01:49]} 45. Bd1 {[%clk 0:00:05]} Kd7
{[%clk 0:01:49]} 46. Be2 {[%clk 0:00:06]} Bh4 {[%clk 0:01:42]} 47. Bd1
{[%clk 0:00:05]} Be7 {[%clk 0:01:42]} 48. Be2 {[%clk 0:00:05]} Kc8
{[%clk 0:01:40]} 49. Bd1 {[%clk 0:00:04]} Kb7 {[%clk 0:01:41]} 50. Bh5
{[%clk 0:00:05]} Bd5 {[%clk 0:01:37]} 51. Bf7 {[%clk 0:00:06]} Kc8
{[%clk 0:01:32]} 52. Bh5 {[%clk 0:00:07]} Kd7 {[%clk 0:01:32]} 53. Be2
{[%clk 0:00:08]} Bh4 {[%clk 0:01:21]} 54. Bd1 {[%clk 0:00:09]} Bc4
{[%clk 0:01:21]} 55. Bf3 {[%clk 0:00:08]} Be1 {[%clk 0:01:21]} 56. Bh5
{[%clk 0:00:07]} Bh4 {[%clk 0:01:17]} 57. Bf3 {[%clk 0:00:08]} Be7
{[%clk 0:01:18]} 58. Bd1 {[%clk 0:00:05]} Bf8 {[%clk 0:01:10]} 59. Ke4 1/2-1/2